000 00642nam a2200241Ia 4500
003 OSt
005 20221005055435.0
006 a|||||r|||| 00| 0
007 ta
008 221004b |||||||| |||| 00| 0 eng d
024 _a46454
037 _cTextual
040 _aCRL
_cCRL
_beng
041 _2eng
_aeng
082 _aO111,3M12,HT, K8
100 _aDickens Charles
245 0 _aHard times for these times
260 _aLondon
_bOxford University Press
_c1968
300 _a299p.
_ccm.
650 _aENGLISH LITERATURE
942 _hO111,3M12,HT, K8
_cTEXL
_2cc
999 _c965143
_d965143